000 00304nam a22001337a 4500
008 170712b xxu||||| |||| 00| 0 eng d
020 _a9780590252713
041 _aeng
080 _a038
100 _a23
101 _aFJA
245 _aSCHOLASTIC CHILDRENS DICTIONARY
_cGRUMER/LSH
942 _2udc
_cBK
999 _c20292
_d20292